[Event "SRB-chT 1st League Men 2018"]
[Site "Valjevo"]
[Date "2018.09.05"]
[Round "6"]
[White "Pap, Misa"]
[Black "Sarenac, Ivan"]
[Result "0-1"]
[WhiteElo "2482"]
[BlackElo "2385"]
[Annotator "TA"]
[PlyCount "118"]
[EventDate "2018.08.31"]
[EventType "team-tourn"]
[EventCountry "SRB"]
[SourceTitle "playchess.com"]
[Source "ChessBase"]
[SourceQuality "1"]

{[%evp 22,118,0,-14,13,20,47,39,41,32,42,37,37,37,42,30,37,27,28,14,56,50,50,17,19,16,27,0,28,32,41,19,18,0,97,95,91,93,218,191,212,29,3,-87,-91,-79,-77,-85,-88,-159,-149,-1212,-1197,-772,-706,-693,-668,-522,-700,-702,-604,-604,-570,-456,0,-658,-643,-523,-197,-188,-187,-272,-270,-237,-179,-12831,-12831,-12839,-428,-12844,-12844,-12846,-12847,-12847,-12847,-12848,-12848,-12849,-12849,-12850,-12849,-12850,-12850,-12850,-12850,-12850,-29980,-12851,-29984]} 1. e4 e5 2. Nf3 Nc6 3. Bc4 Bc5 4. c3 Nf6 5. d4 exd4 6. e5 d5 7. Bb5 Ne4 8. cxd4 Bb6 9. h3 O-O 10. O-O f6 {C54: Giuoco Piano: 4 c3 Nf6, main lines with 5 d4 and 5 d3} 11. Bxc6 bxc6 12. Be3 {LiveBook: 6 Games} Qe8 $146 {The position is equal.} ({Predecessor:} 12... f5 13. Qc1 f4 14. Bxf4 c5 15. dxc5 Nxc5 16. Be3 Nd3 17. Qd1 Ba6 18. Nc3 {1-0 (58) Jobava,B (2707)-Kramnik,V (2808) Leuven 2017}) 13. Nc3 Bf5 14. Rc1 Rd8 15. b4 Nxc3 16. Rxc3 {exf6 is the strong threat.} Be4 17. exf6 Bxf3 18. Qxf3 Rxf6 19. Qd1 {Threatens to win with Bg5.} Rg6 20. Re1 Qf8 (20... Qe4 {with more complications.} 21. f3 Qh4 22. Re2 Qxh3 23. Rxc6 Qg3) 21. Rb3 a5 22. a3 axb4 23. axb4 Ra8 24. h4 Qf5 25. Bg5 Re6 26. Rxe6 Qxe6 27. h5 h6 (27... Qe4 $11 28. Be3 h6) 28. Bf4 $1 $16 Rf8 29. Be5 $1 Rf7 (29... Rxf2 $16 30. Kxf2 Qxe5) 30. Re3 $18 Qe7 31. Bxg7 $2 (31. Qg4 $1 $18) 31... Qh4 $36 {[%mdl 2048] Black is more active.} 32. g3 (32. Bxh6 $11 {keeps the balance.} Qxf2+ 33. Kh1 Qh4+ 34. Rh3 Qxd4 35. Rg3+ Kh7 36. Qc2+ Qe4 37. Qxe4+ dxe4 38. Rg6) 32... Rxg7 $17 33. Qe2 ({Wrong is} 33. Re8+ $2 Kf7 $19) 33... Qf6 34. Re6 Qf5 35. Rxh6 ({White should try} 35. Qe3) 35... Qe4 36. Qa6 $2 {[%mdl 8192] [#]} (36. Qxe4 $17 dxe4 37. Rxc6) 36... Rxg3+ $1 $19 {[%mdl 512]} 37. fxg3 {[%mdl 4096] Endgame KQR-KQB} Qe3+ 38. Kg2 Qxh6 39. Qc8+ Qf8 40. Qg4+ Qg7 41. Qe6+ Qf7 42. Qe5 Qg7 $2 ({Better is} 42... Kf8 $19 {Strongly threatening ...Qg7.} 43. Qh8+ Ke7 44. Qe5+ Qe6 45. Qg7+ Kd8 46. Qf8+ Qe8) 43. Qe8+ $2 {[%mdl 8192]} (43. Qe6+ $11 Kh7 44. Qxc6) 43... Kh7 44. Qxc6 Bxd4 $2 (44... Qf7 45. Qc2+ Kh6 46. Qd2+ Kxh5 47. Qe2+ Kg6) 45. Qxd5 {[#]} Be5 $1 46. Qe4+ {[#]} (46. Qf3 {was called for.}) 46... Kh6 $1 47. g4 Kg5 {Hoping for ...Bd6.} 48. Kh3 $2 (48. Qf5+ Kh4 49. Kf3) 48... Qf6 49. Qd3 c6 {[%cal Bc7c6,Bc6b5][%mdl 32]} 50. b5 (50. Kg2 $142 Qf4 51. b5 cxb5 52. Qxb5 Qe4+ 53. Kf2) 50... cxb5 51. Qd2+ Qf4 52. Qd8+ Kh6 {[%csl Ge5][%cal Rf4h2]} 53. Qb6+ Bd6 {[%csl Gd6][%cal Rf4h2]} 54. Kg2 Qxg4+ 55. Kf2 Qf4+ 56. Ke2 Qe5+ 57. Kd3 Qd5+ 58. Ke2 Kxh5 59. Qe3 Qe5 {Precision: White = 39%, Black = 59%.} 0-1

[Event "SRB-chT 1st League Men 2018"]
[Site "Valjevo"]
[Date "2018.09.05"]
[Round "6"]
[White "Miljkovic, Miroslav D"]
[Black "Jevtic, Miodrag"]
[Result "1-0"]
[WhiteElo "2474"]
[BlackElo "2343"]
[Annotator "TA"]
[PlyCount "93"]
[EventDate "2018.08.31"]
[EventType "team-tourn"]
[EventCountry "SRB"]
[SourceTitle "playchess.com"]
[Source "ChessBase"]
[SourceQuality "1"]

{[%evp 17,93,70,68,78,93,82,75,81,80,70,96,89,95,81,84,77,72,77,67,64,63,75,65,69,93,99,103,69,67,65,65,59,72,65,80,65,65,65,64,58,66,65,73,73,76,67,140,140,140,109,119,116,204,202,212,221,221,233,240,237,235,238,348,348,334,348,377,359,512,510,555,555,616,629,619,608,580,555]} 1. d4 Nf6 2. c4 e6 3. Nc3 Bb4 4. e3 b6 5. Nge2 Bb7 6. a3 Bxc3+ 7. Nxc3 Ne4 {E44: Nimzo-Indian: Rubinstein: 4...b6 5 Ne2} (7... d5 8. cxd5 exd5 9. b4 O-O 10. Bd3 c5 11. bxc5 bxc5 12. Rb1 cxd4 13. exd4 Re8+ 14. Be3 Ba6 15. O-O Bxd3 16. Qxd3 Nbd7 17. Bg5 h6 18. Bxf6 Nxf6 19. Rb5 Rc8 20. h3 Qd6 21. Ra1 Rc6 {½-½ (21) Stocek,J (2556)-Rozentalis,E (2567) Germany 2017}) 8. Nxe4 Bxe4 9. Qg4 Bg6 {LiveBook: 4 Games. White is slightly better.} 10. Be2 d5 11. cxd5 exd5 12. Bd2 O-O 13. Rc1 a5 $146 ({Predecessor:} 13... Re8 14. h4 h5 15. Qg5 {1-0 (26) Risdon,A (1910)-Fernandez,G (2004) ICCF email 2008}) 14. O-O Nd7 15. Qf4 Ra7 16. Bb5 Nf6 17. f3 Nh5 18. Qe5 f6 $1 {[%cal Rf6e5]} 19. Qe6+ Bf7 20. Qd7 {Qxd8 is the strong threat.} Qxd7 21. Bxd7 {Black must now prevent g4.} Rd8 22. Bb5 {And now g4 would win.} g6 23. Rc3 {aiming for Rfc1.} Ng7 24. Rfc1 Be8 25. Bxe8 Nxe8 26. Be1 a4 27. Bg3 {[%cal Rg3c7]} Rd7 28. Kf2 Kf7 29. Ke2 Ke7 30. Rc6 $36 {[%mdl 2048] White is in control.} Kd8 31. Kd3 Ra5 (31... Rf7 $14) 32. Be1 $1 $16 {[%cal Re1a5]} Ra7 33. Bb4 f5 34. Re6 Rf7 (34... Ra8 $16 {was worth a try.} 35. h4 Rc8) 35. Re5 $1 $18 Nf6 36. Rc6 $1 {[%cal Rc6f6] Hoping for Rxf6!} Kc8 {[#]} 37. Rce6 $1 Ra8 {[#]} 38. Re7 $1 {[%cal Re7f7]} Rxe7 39. Rxe7 {[%mdl 4096] Endgame KRB-KRN} ({Don't do} 39. Bxe7 $6 Ng8 $16) 39... c5 (39... b5 $142 40. Rf7 Ra6) 40. dxc5 bxc5 41. Bxc5 Ra6 42. Bd4 Nd7 (42... h5 $142 43. Kc3 Nd7) 43. Rxh7 {White is clearly winning.} Rc6 44. h4 Nc5+ 45. Bxc5 Rxc5 46. Rh6 Rc4 47. g3 {Precision: White = 98%, Black = 47%.} 1-0

[Event "SRB-chT 1st League Men 2018"]
[Site "Valjevo"]
[Date "2018.09.05"]
[Round "6"]
[White "Tadic, Branko"]
[Black "Nikolic, Predrag"]
[Result "1/2-1/2"]
[WhiteElo "2463"]
[BlackElo "2584"]
[Annotator "TA"]
[PlyCount "24"]
[EventDate "2018.08.31"]
[EventType "team-tourn"]
[EventCountry "SRB"]
[SourceTitle "playchess.com"]
[Source "ChessBase"]
[SourceQuality "1"]

{[%evp 14,24,51,56,51,35,32,25,25,24,47,37,37]} 1. Nf3 d5 2. g3 g6 3. Bg2 Bg7 4. d4 c6 5. O-O Nh6 (5... Nf6 6. b3 O-O 7. Bb2 Bf5 8. c4 Nbd7 9. e3 Ne4 10. Nfd2 Ndf6 11. Nxe4 Bxe4 12. Bh3 Qb6 13. f3 Bxb1 14. Rxb1 e6 15. Qd3 Rfe8 16. c5 Qc7 {0-1 (35) Ding,L (2774)-Carlsen,M (2837) Saint Louis 2017}) 6. Nbd2 {D02: 1 d4 d5 2 Nf3 sidelines, including 2...Nf6 3 g3 and 2...Nf6 3 Bf4} Nf5 7. c3 Nd6 8. Re1 {LiveBook: 5 Games} f5 9. Ne5 $146 ({Predecessor:} 9. Nb3 Nd7 10. Ng5 Nf8 11. Nc5 h6 12. Nf3 Nf7 13. a4 g5 14. a5 Ng6 15. Qb3 Rb8 16. Na6 Ra8 17. Nc5 Rb8 18. Na6 {½-½ (18) Troyke,C (2353)-Meister,P (2405) Germany 2012}) 9... Nd7 10. Nxd7 Bxd7 11. Nf3 O-O 12. Bf4 Nf7 1/2-1/2

[Event "SRB-chT 1st League Men 2018"]
[Site "Valjevo"]
[Date "2018.09.05"]
[Round "6"]
[White "Markovic, Miroslav"]
[Black "Ivic, Velimir"]
[Result "0-1"]
[WhiteElo "2458"]
[BlackElo "2472"]
[Annotator "TA"]
[PlyCount "80"]
[EventDate "2018.08.31"]
[EventType "team-tourn"]
[EventCountry "SRB"]
[SourceTitle "playchess.com"]
[Source "ChessBase"]
[SourceQuality "1"]

{[%evp 22,80,0,-27,52,14,37,31,43,35,34,44,48,41,80,82,83,82,80,79,75,79,102,105,95,104,128,74,127,117,106,115,82,48,52,50,42,50,85,8,8,6,16,0,0,-6,0,-108,-6,-51,-30,-47,-12,-26,0,-705,-694,-1022,-995,-1562,-555]} 1. e4 c5 2. Nf3 d6 3. c3 Nf6 4. d3 g6 5. g3 Bg7 6. Bg2 O-O 7. O-O Nc6 8. Re1 e5 9. a3 h6 10. b4 a6 11. Bb2 {A05: Réti Opening: 1 Nf3 Nf6} Be6 12. Nbd2 {LiveBook: 6 Games} Qc7 $146 ({Better is} 12... Nd7 $11) ({Predecessor:} 12... Re8 13. Nf1 Qd7 14. Ne3 b6 15. Rb1 Rad8 16. Nd2 b5 17. Nd5 Ne7 18. c4 Nc6 19. bxc5 dxc5 {1-0 (45) Amin,B (2596)-Domingos,E (2201) Maputo 2011}) 13. Rc1 {White is slightly better.} cxb4 14. cxb4 Qe7 15. d4 exd4 16. Nxd4 Nxd4 17. Bxd4 Rac8 18. e5 $36 {[%mdl 2048] Black is under strong pressure.} Rxc1 19. Qxc1 Rc8 20. Qa1 dxe5 21. Bxe5 Ne8 22. Bxg7 Nxg7 23. Ne4 b6 24. h4 (24. Nf6+ $142 Kh8 25. Nd5) 24... Kh8 (24... Qc7 $142) 25. Qd4 $16 Qd8 26. Nd6 Kg8 27. Qf4 Nh5 28. Qe5 Rc7 {[%cal Bc8c7,Bc7d7,Bd7d6,Bd6d2,Bd2d3,Bd3f3][%mdl 32]} 29. Ne4 Bf5 {[#]} 30. Nc3 (30. Bf3 $1 $16) 30... Nf6 $11 31. Bf3 h5 32. Re3 Rd7 33. a4 Rd6 34. Qf4 (34. Be2 $11) 34... Kg7 (34... Rd4 $17 35. Qg5 Kg7) 35. b5 axb5 36. Nxb5 Rd2 (36... Rd1+ $5 37. Kg2 Nd5 38. Bxd5 Qxd5+ 39. Qf3 Bc2 $15) 37. Rc3 Rd3 38. Qe5 $2 {[%mdl 8192] [#]} (38. Rxd3 $11 Qxd3 39. Kg2) 38... Rxf3 $1 $19 {[%mdl 512] Black is clearly winning.} 39. Rc1 (39. Rxf3 Qd1+) 39... Qd2 40. Rf1 Qd5 {Precision: White = 27%, Black = 32%.} 0-1

[Event "SRB-chT 1st League Men 2018"]
[Site "Valjevo"]
[Date "2018.09.05"]
[Round "6"]
[White "Todorovic, Goran M"]
[Black "Saric, Sinisa"]
[Result "1-0"]
[WhiteElo "2434"]
[BlackElo "2399"]
[Annotator "TA"]
[PlyCount "85"]
[EventDate "2018.08.31"]
[EventType "team-tourn"]
[EventCountry "SRB"]
[SourceTitle "playchess.com"]
[Source "ChessBase"]
[SourceQuality "1"]

{[%evp 19,85,43,42,33,35,37,27,31,31,28,39,46,41,42,42,26,43,38,51,8,49,40,80,70,81,62,64,60,64,39,83,39,41,40,95,105,105,111,511,531,1232,1232,1232,1232,1224,1222,1187,1181,6740,6487,5473,5389,2208,1189,1132,1132,1084,1084,1084,1067,1065,1065,1289,1245,1652,1642,1484,1484]} 1. e4 d5 2. exd5 Qxd5 3. Nc3 Qd6 4. d4 Nf6 5. Nge2 c6 6. Bf4 {B01: Scandinavian Defence} Qd8 7. Qd2 (7. Ng3 Be6 8. Nce4 Nxe4 9. Nxe4 Bf5 10. f3 Qb6 11. c3 Nd7 12. Bc4 Nf6 {1-0 (23) Naiditsch,A (2700)-Marcelin,C (2472) Chartres 2017}) 7... Bf5 8. Ng3 Bg6 9. h4 h6 10. h5 Bh7 {LiveBook: 3 Games} 11. O-O-O e6 12. Bd3 Bxd3 13. Qxd3 {[#]} ({Of course not} 13. cxd3 Qxd4 14. Nge4 Nbd7 $17) 13... Nbd7 $146 14. Kb1 Be7 15. Nge4 Nxe4 16. Nxe4 Nf6 17. Be5 Nxe4 18. Qxe4 Bf6 19. Qf4 Qe7 20. Bc7 Rc8 21. Bd6 Qd7 22. Qg3 Rd8 23. Bc7 Rc8 24. Be5 {[%cal Bc7e5,Be5d6,Bd6a3][%mdl 32]} Qd8 25. Bd6 Qa5 26. c4 Rd8 {[#]} ({Black should try} 26... Qf5+ $14 27. Ka1 b6) 27. d5 $1 $16 {[%mdl 512]} cxd5 28. cxd5 Qb6 $2 {[%mdl 8192] [#]} (28... Bxb2 $16 {is more resistant.} 29. Kxb2 (29. Bc7 Qb4 $14) 29... Qb6+ 30. Ka1 Qxd6) 29. Ba3 $1 $18 {White is clearly winning.} Rd7 30. dxe6 fxe6 31. Rxd7 Kxd7 32. Rd1+ Kc8 33. Rc1+ Kd7 34. Qd3+ Bd4 35. Rc4 e5 36. Qf5+ Qe6 {[#]} 37. Rc7+ $1 {[%mdl 512]} Kxc7 38. Qxe6 {White threatens Bd6+ and mate.} Rd8 39. f3 Rd7 40. Bf8 b6 41. Qg6 Be3 42. Bxg7 Rd1+ 43. Kc2 {Precision: White = 68%, Black = 38%.} 1-0

[Event "SRB-chT 1st League Men 2018"]
[Site "Valjevo"]
[Date "2018.09.05"]
[Round "6"]
[White "Munizaba, Slobodan"]
[Black "Radlovacki, Jovan"]
[Result "1/2-1/2"]
[WhiteElo "2426"]
[BlackElo "2312"]
[Annotator "TA"]
[PlyCount "97"]
[EventDate "2018.08.31"]
[EventType "team-tourn"]
[EventCountry "SRB"]
[SourceTitle "playchess.com"]
[Source "ChessBase"]
[SourceQuality "1"]

{[%evp 20,97,28,25,36,29,22,29,45,30,37,29,44,23,73,11,25,3,35,37,37,6,115,87,123,128,130,137,150,158,149,132,236,165,152,162,149,144,246,111,133,116,184,143,122,101,169,149,138,-8,-8,-8,-14,-366,-359,-381,-392,-424,-425,-416,-416,-408,-400,-388,-154,-152,0,0,0,0,0,0,0,0,0,0,0,0,0,0]} 1. d4 Nf6 2. Nf3 e6 3. g3 b6 4. Bg2 d5 5. c4 c6 6. O-O Be7 7. Qc2 O-O 8. Rd1 Bb7 9. Nc3 Nbd7 10. b3 Ba6 {E08: Closed Catalan: Main Line: 7 Qc2} (10... Rc8 11. e4 c5 12. dxc5 dxc4 13. b4 a5 14. a3 axb4 15. axb4 bxc5 16. b5 Qc7 17. Bf4 e5 18. Bg5 Nb6 19. Nd2 {½-½ (32) Nakamura,H (2787)-Carlsen,M (2855) Bilbao 2016}) 11. Bb2 {LiveBook: 11 Games} Qc7 12. Nd2 $146 ({Predecessor:} 12. cxd5 cxd5 13. Rac1 Rac8 14. Qb1 Qb8 15. a4 Bb7 16. e3 Rfd8 17. Nd2 Qa8 18. Nb5 {0-1 (30) Gulkov,I (2399)-Meshcheriakova,E (2201) Voronezh 2001}) 12... b5 {White has an edge.} 13. e4 dxc4 14. bxc4 bxc4 15. Na4 c5 16. d5 $1 Rab8 17. Nxc4 ({White should try} 17. dxe6 $16 fxe6 18. Bh3) 17... Bxc4 18. Qxc4 Rb4 19. Qc2 {dxe6 is the strong threat.} exd5 20. exd5 Bd6 (20... Qa5 $1 $11 {remains equal.} 21. d6 Bxd6) 21. Bc3 $1 $16 {[%cal Rc3b4]} Rg4 22. Nb2 $1 h5 23. h3 {[%cal Bh2h3,Bh3h4][%mdl 32]} Rg6 24. Nc4 Nb6 25. Ne3 Rg5 (25... h4 $16) 26. h4 Rg6 27. Nf5 Rd8 28. a4 Bf8 {[#]} (28... Ng4 $16 29. Rac1 Qd7) 29. Ne3 (29. d6 $1 $18 {[%cal Rd6c7] is the precise move to win.} Bxd6 30. a5 (30. Nxd6 Rxd6 31. Rxd6 Qxd6 $16)) 29... Nc8 30. Nc4 Bd6 (30... Ng4 $16 {was necessary.} 31. a5 Nd6) 31. Ba5 Nb6 32. Rab1 {[%cal Rc4b6]} Nfd7 (32... Bxg3 $16 33. fxg3 (33. Nxb6 Ng4 $16) 33... Qxg3 34. Bxb6 (34. Nxb6 $2 Ng4 $19) 34... axb6) 33. Be4 Rf6 34. Bf5 (34. Re1 $16) 34... Bxg3 $1 $11 {Black wants to play ...g6.} 35. d6 $1 {[%cal Rd6c7]} Bxd6 36. Bc3 $2 {[%mdl 8192] [#]} (36. Rxd6 $11 {and White is okay.} Rxd6 37. Nxd6 Qxd6 38. Rd1) 36... Rxf5 $1 $19 ({And not} 36... Nxc4 37. Bxf6 Nxf6 38. Qxc4 $11) ({Weaker is} 36... Bh2+ 37. Kh1 $11) 37. Nxd6 Rf4 38. Nf5 Rg4+ 39. Ng3 Rxg3+ 40. fxg3 Qxg3+ 41. Kh1 Qxh4+ $2 (41... Qh3+ $19 {has better winning chances.} 42. Kg1 Qg3+ 43. Kh1 Qf3+ 44. Kg1 Nd5 45. Rxd5 Qxd5) 42. Qh2 $17 Qxh2+ $2 (42... Qxa4 $17 43. Ra1 Qg4) 43. Kxh2 $11 {The position is equal.} Nxa4 44. Ba5 Nab6 45. Bxb6 $1 axb6 46. Rd2 Kf8 47. Rbd1 $1 Ke7 {Hoping for ...f6.} 48. Re1+ Kf8 {Strongly threatening ...f6.} 49. Red1 {Precision: White = 58%, Black = 49%.} 1/2-1/2

[Event "SRB-chT 1st League Men 2018"]
[Site "Valjevo"]
[Date "2018.09.05"]
[Round "6"]
[White "Arsovic, Zoran"]
[Black "Sarenac, David"]
[Result "1/2-1/2"]
[WhiteElo "2422"]
[BlackElo "2272"]
[Annotator "TA"]
[PlyCount "154"]
[EventDate "2018.08.31"]
[EventType "team-tourn"]
[EventCountry "SRB"]
[SourceTitle "playchess.com"]
[Source "ChessBase"]
[SourceQuality "1"]

{[%evp 16,154,18,20,45,39,39,41,70,54,58,37,54,42,50,20,43,22,48,0,12,2,8,-42,-12,-15,0,0,0,0,45,44,46,47,56,59,86,67,61,73,99,81,82,82,82,43,82,82,82,41,41,41,41,31,70,74,66,72,64,67,101,0,0,0,14,-20,-5,-18,-22,-15,0,0,122,106,191,0,34,13,187,159,365,355,535,518,427,231,179,69,190,193,184,27,17,8,185,187,230,0,142,132,129,122,118,88,178,121,84,54,53,69,69,55,52,3,4,4,4,4,5,0,0,0,0,0,0,0,0,0,0,-8,-13,-8,0,0,0,-15,-11,-10,-79,-21,-79]} 1. Nf3 d5 2. c4 e6 3. d4 Nf6 4. Nc3 c6 5. cxd5 exd5 6. Bg5 Nbd7 7. e3 Be7 8. Bd3 Ne4 9. Bf4 {LiveBook: 72 Games} Nxc3 {D35: Queen's Gambit Declined: Exchange Variation} (9... Ndf6 10. Qc2 Bf5 11. Ne5 g6 12. O-O Nd6 13. h3 O-O 14. Rad1 Rc8 15. Bxf5 Nxf5 16. g4 Ng7 17. Bh6 Nfe8 18. f3 Nd6 19. e4 Re8 20. Qb3 Bg5 21. Bxg5 Qxg5 22. exd5 Qh4 23. Ne4 cxd5 {½-½ (23) Yilmaz,M (2630)-Naiditsch,A (2700) Minsk 2017}) 10. bxc3 c5 11. O-O O-O {White is slightly better.} 12. Qb1 $146 ({Predecessor:} 12. Qc2 h6 13. c4 cxd4 14. exd4 b6 15. cxd5 {1-0 (89) Cramling,D (2415)-Hartman,C (2215) Stockholm 1983}) 12... Nf6 13. a4 h6 14. h3 Bd6 15. Ne5 Qe7 16. Re1 Be6 17. Bg3 Qc7 18. f4 Rfe8 19. f5 Bc8 (19... Bd7 $5) 20. Bf4 c4 21. Bc2 b6 22. Qd1 Nd7 {[%cal Rd7e5]} 23. Ng4 {[%cal Be5g4,Bg4f2,Bf2h3][%mdl 32]} h5 24. Bxd6 Qxd6 25. Nf2 Qg3 26. Qf3 Qxf3 27. gxf3 Bb7 28. h4 Bc6 29. Nh3 Nf6 30. Nf4 a6 31. Kf2 b5 32. a5 Rab8 33. Rab1 Re7 34. Ne2 Kh7 35. Ng3 $1 Kh6 36. e4 dxe4 37. fxe4 g6 38. Kf3 (38. e5 $1 $16 {[%cal Re5f6]} Ng4+ 39. Kg1) 38... Rbe8 $11 39. Re2 Rg8 40. fxg6 fxg6 41. Kg2 Ng4 42. Rf1 Rb8 43. Rf5 {Strongly threatening Rxh5+!} Bd7 (43... Rbe8 $11 44. Rf4 Rd8) 44. Rg5 $1 $16 Re6 (44... Rg7 $16 {keeps fighting.}) 45. Rd5 $2 ({White has to play} 45. e5 $1 $18 Bc6+ 46. Ne4) 45... Be8 46. Rc5 Rb7 $2 (46... b4 $11 {and Black is okay.}) 47. e5 $18 Rf7 $2 (47... b4 $16 {was called for.}) 48. Ne4 Rf4 (48... Rf5 {was worth a try.} 49. Nd6 Rff6) 49. Ng5 Re7 50. e6 (50. Kg3 $142 Rf1 51. e6) 50... Nf6 51. Kh3 (51. Nf3 $18) 51... b4 $1 $14 52. d5 $1 {[%cal Rd5d6]} b3 {[#]} 53. Bb1 $2 (53. d6 $1 $18 {[%cal Rd6e7]} bxc2 54. Rxc2 Rxe6 55. Nxe6) 53... Rf1 $11 54. Rb2 {d6 is the strong threat.} Rd1 $2 (54... Re1 $1 $11) 55. Be4 $1 $18 Kg7 {[#]} 56. Rxc4 $2 (56. Kg3 $1 $18) 56... Nxd5 (56... Nxe4 $11 57. Rxe4 Rd3+ 58. Kh2 Rxd5) 57. Bxd5 $16 ({But not} 57. Rxb3 $6 Nf4+ 58. Kh2 Bb5 $11) 57... Rxd5 58. Rxb3 Rxa5 59. Rb8 Rb5 (59... Bb5 $16 {might work better.} 60. Rcc8 Ra4) 60. Ra8 (60. Rd8 $18) 60... Rb6 61. Rcc8 Bc6 62. Rg8+ Kf6 63. Raf8+ Ke5 64. Rxg6 Rb3 65. Nf7+ Kf5 66. Rg3 {Hoping for Nd8+.} Kxe6 67. Re3+ Kf6 68. Nh6+ Kg7 69. Rg8+ Kf6 70. Rf8+ Kg7 71. Rg3+ Kh7 72. Ng8 Bd7+ 73. Kg2 $132 {[%mdl 2048] White is fighting back} Bc6+ 74. Kh3 {White threatens Nf6+ and mate.} Bd7+ 75. Kg2 {Nf6+ would kill now.} Rb2+ 76. Kg1 $1 {Threatening mate with Nf6+.} Re1+ 77. Rf1 Rxf1+ {Precision: White = 54%, Black = 41%.} 1/2-1/2

[Event "SRB-chT 1st League Men 2018"]
[Site "Valjevo"]
[Date "2018.09.05"]
[Round "6"]
[White "Leskur, Dejan"]
[Black "Lazic, Miroljub"]
[Result "1/2-1/2"]
[WhiteElo "2389"]
[BlackElo "2476"]
[Annotator "TA"]
[PlyCount "45"]
[EventDate "2018.08.31"]
[EventType "team-tourn"]
[EventCountry "SRB"]
[SourceTitle "playchess.com"]
[Source "ChessBase"]
[SourceQuality "1"]

{[%evp 27,28,-3,0]} 1. e4 e5 2. Nf3 Nc6 3. Bb5 a6 4. Ba4 Nf6 5. O-O Be7 6. Re1 b5 7. Bb3 d6 8. c3 O-O 9. d3 Na5 10. Bc2 c5 11. Nbd2 Nc6 12. Nf1 Be6 13. Ng3 h6 14. h3 Re8 {[#]} {Vorgänger:} 15. Nh2 $146 Bf8 16. Qf3 d5 17. Ng4 Nxg4 18. hxg4 d4 19. Nf5 Rc8 20. Bd2 c4 21. Rad1 dxc3 22. bxc3 cxd3 23. Bxd3 {1-0 (37) Vachier Lagrave,M (2789)-Fressinet,L (2662) Riadh 2017} 1/2-1/2

[Event "SRB-chT 1st League Men 2018"]
[Site "Valjevo"]
[Date "2018.09.05"]
[Round "6"]
[White "Lapcevic, Milos"]
[Black "Lajthajm, Borko"]
[Result "1/2-1/2"]
[WhiteElo "2368"]
[BlackElo "2412"]
[Annotator "TA"]
[PlyCount "97"]
[EventDate "2018.08.31"]
[EventType "team-tourn"]
[EventCountry "SRB"]
[SourceTitle "playchess.com"]
[Source "ChessBase"]
[SourceQuality "1"]

{[%evp 14,97,33,0,53,5,5,20,10,0,3,-20,20,2,22,5,9,3,30,24,28,25,26,15,28,0,14,9,20,12,25,16,27,13,27,27,27,27,26,27,36,31,32,37,34,26,41,41,41,41,41,56,46,0,0,-195,15,15,15,15,41,15,37,0,42,0,37,0,29,38,25,25,39,35,35,0,0,0,0,0,0,0,0,0,0,0]} 1. d4 Nf6 2. c4 e6 3. Nc3 Bb4 4. e3 b6 5. Nge2 O-O 6. a3 Bxc3+ 7. Nxc3 d5 8. b4 {LiveBook: 5 Games. E44: Nimzo-Indian: Rubinstein: 4...b6 5 Ne2} c6 (8... Ba6 $11) 9. Bb2 Ba6 10. b5 $146 ({Predecessor:} 10. Qb3 Nbd7 11. b5 Bb7 12. cxd5 cxd5 13. Be2 e5 14. O-O exd4 15. exd4 Re8 {0-1 (57) Groszpeter,A (2475)-Kuzmin,G (2545) Minsk (Belarus) 1982}) 10... Bb7 11. cxd5 Nxd5 12. bxc6 Bxc6 13. Nxd5 Qxd5 14. a4 Bb7 15. f3 Ba6 16. e4 Qd7 17. Bxa6 Nxa6 18. Qb3 Rfc8 19. Ke2 Nb8 20. Rhd1 Nc6 21. Bc3 Ne7 22. Rac1 Rc7 23. Bb2 Ng6 24. Rxc7 Qxc7 25. g3 Rc8 26. Rc1 Qd8 27. Rxc8 Qxc8 28. Kd3 Nf8 29. Ba3 Nd7 30. Qc4 Qb7 31. Bd6 h5 32. Kc3 Nf6 33. Qc7 Qa6 {aiming for ...Qe2.} 34. Qc4 $2 {[#]} (34. Qd8+ $11 Kh7 35. Be5) 34... Qa5+ $2 (34... b5 $1 $19 {[%cal Rb5c4]} 35. Qb4 bxa4 36. Qb8+ Kh7) 35. Qb4 $11 {White wants to play Qxa5.} Qa6 {...Qe2 is the strong threat.} 36. Qb5 Qb7 37. Be5 Nd7 38. Bd6 Nf6 39. Be5 Nd7 40. Bd6 Nf6 41. Kb4 a6 42. Qc4 Ne8 43. Bf4 h4 44. Kb3 ({Much worse is} 44. gxh4 Qe7+ 45. Kb3 Qf6 $15) 44... b5 {The position is equal.} 45. axb5 axb5 46. Qc5 Qa6 47. Qa3 Qc6 48. Qc5 Qa6 49. Qa3 {Precision: White = 45%, Black = 49%.} 1/2-1/2

[Event "SRB-chT 1st League Men 2018"]
[Site "Valjevo"]
[Date "2018.09.05"]
[Round "6"]
[White "Maksimovic, Branimir"]
[Black "Vucinic, Gojko"]
[Result "0-1"]
[WhiteElo "2306"]
[BlackElo "2411"]
[Annotator "TA"]
[PlyCount "58"]
[EventDate "2018.08.31"]
[EventType "team-tourn"]
[EventCountry "SRB"]
[SourceTitle "playchess.com"]
[Source "ChessBase"]
[SourceQuality "1"]

{[%evp 13,58,-13,-5,-23,-48,-50,-41,-57,-45,-53,-31,-76,-85,-93,-84,-65,-35,-44,-41,-24,-40,-37,-44,-82,-82,-173,-173,-216,-211,-275,-258,-240,-162,-197,-201,-593,-597,-583,-559,-1775,-1718,-1816,-1768,-29991,-29992,-29992,-29993]} 1. d4 Nf6 2. Nf3 g6 3. Nc3 d5 4. Bf4 Bg7 5. Nb5 Na6 6. e3 {D00: 1 d4 d5: Unusual lines} O-O 7. h3 Ne4 {LiveBook: 5 Games} 8. Bd3 $146 {The position is equal.} ({Predecessor:} 8. Nd2 Nd6 9. Nc3 c5 10. Be5 cxd4 11. Bxg7 Kxg7 12. exd4 Nb4 13. a3 {½-½ (29) Rapport,R (2698)-Grischuk,A (2750) chess.com INT 2017}) 8... c6 {[%cal Bc7c6,Bc6c5][%mdl 32]} 9. Nc3 Nxc3 $1 10. bxc3 Qa5 11. Qd2 c5 12. c4 {[#]} Qxd2+ $1 13. Kxd2 {[#]} Nb4 $1 14. cxd5 cxd4 15. exd4 Nxd3 16. cxd3 Rd8 17. d6 exd6 18. Rac1 Be6 19. Rhe1 (19. a4 $17 {is a better defense.}) 19... Bxa2 $19 20. Rc7 Bd5 21. Ng5 a5 22. Ne4 Bxe4 23. Rxe4 a4 24. Ree7 $2 (24. Rc2) 24... a3 25. Rxf7 Bh8 {...a2 is the strong threat.} 26. Bh6 {intending Bg7.} a2 27. Bg7 a1=Q {( -> ...Ra2+)} 28. Bxh8 Ra2+ ({Stronger than} 28... Kxh8 29. Rxh7+ Kg8 30. Rcg7+ Kf8 31. Rf7+ Kg8 32. Rfg7+ Kf8 33. Rf7+ Kg8 34. Rfg7+ $11) 29. Ke3 Qe1+ {Precision: White = 20%, Black = 92%.} 0-1